| 000 | 00521nam a22001577a 4500 | ||
|---|---|---|---|
| 082 |
_a621.3 _bFAR |
||
| 100 |
_aFarman, Abdullah (361085) _9120021 |
||
| 245 | _aElectrothermal Aging and Electrical Properties Analysis of High Voltage PVC-Filled ZnO Microcomposites for Cable Insulation / | ||
| 264 |
_aIslamabad : _bUSPCAS-E, NUST _cNovember, 2023. |
||
| 300 |
_axiv, 57 p. _e+CD |
||
| 520 | _aTH-548 | ||
| 650 | _aMS EEP Thesis | ||
| 650 |
_aMS Thesis _918721 |
||
| 700 |
_aDr. Kashif Imran _9117108 |
||
| 942 |
_2ddc _cTHE |
||
| 999 |
_c607477 _d607477 |
||